000 00898nam a22001337a 4500
040 _cRUA
082 _aVEM TOU 2014 B441 Or.1
100 _aTOUCH SAMNANG ; ទូច សំណាង
245 _aEffect of antibiotic on reproductive sows disease at farm of yim sovan in tropeang ses village, siem reap province, ប្រសិទ្ធភាពនៃការប្រើប្រាស់ឳសថអង់ទីប្យូទិចចំពោះជំងឺរលាកផ្លូវបន្តពូជមេជ្រូកក្រោយសម្រាលកូន នៅកសិដ្ខឋានយឹម សុវណ្ណ ភូមិត្រពាំងសេះ ខេត្តសៀមរាប
260 _aPhnom Penh
_bRUA
_c2014
300 _axi ;40p.
_bill.
_c29cm.
856 _uhttps://drive.google.com/file/d/1BnNyY2cHajOUdfe0-MTiTM26SPTdIPZS/view?usp=sharing
942 _cVEM
999 _c7203
_d7203